| 000 | 00638 a2200169 4500 | ||
|---|---|---|---|
| 005 | 20240830140831.0 | ||
| 008 | 121006t xxu||||| |||| 00| 0 eng d | ||
| 020 | _a9780511576270 | ||
| 100 | _aSchiesser, William E | ||
| 245 |
_aCompendium of partial differential equation models _bmethod of lines analysis with Matlab _cWilliam E. Schiesser and Graham W. Griffiths |
||
| 260 |
_bCambridge University Press _c2009 _aCambridge |
||
| 653 | _aNumerical analysis | ||
| 653 | _aEngineering mathematics and programming | ||
| 700 | _aGriffiths, Graham W | ||
| 856 | _uhttps://www.cambridge.org/core/search?q=9780511576270 | ||
| 942 | _cEB | ||
| 999 |
_c75226 _d75225 |
||